Integrovaná tvorba poznatkov v sociálnej práci a pre sociálnu prácu
Model integrovanej tvorby pozatkov v sociálnej práci a pre potreby sociálnej práce, ktorý vychádza z jej reflexívnej vnútornej podstaty a zo špecifického prepojenia teórie a praktickej činnosti v tejto disciplíne.
Saved in:
| Main Author: | |
|---|---|
| Format: | Book Chapter |
| Language: | Slovak |
| Subjects: | |
| Tags: |
No Tags, Be the first to tag this record!
|
MARC
| LEADER | 00000naa a2200000 4500 | ||
|---|---|---|---|
| 001 | 0185196 | ||
| 005 | 20220505130356.8 | ||
| 041 | 0 | |a slo | |
| 044 | |a CZ | ||
| 245 | 1 | 0 | |a Integrovaná tvorba poznatkov v sociálnej práci a pre sociálnu prácu |c Kvetoslava Repková |
| 520 | |a Model integrovanej tvorby pozatkov v sociálnej práci a pre potreby sociálnej práce, ktorý vychádza z jej reflexívnej vnútornej podstaty a zo špecifického prepojenia teórie a praktickej činnosti v tejto disciplíne. | ||
| 610 | 2 | 0 | |a práca sociálna |
| 610 | 2 | 0 | |a tímy pracovné |
| 610 | 2 | 0 | |a výskum |
| 610 | 2 | 0 | |a starostlivosť sociálna |
| 100 | 1 | |a Repková, Kvetoslava | |